00712nam a2200193 i 450000100060000000300090000600500170001500700030003200800410003510000320007624500720010826000510018030000210023149000440025283000520029685200320034899900170038095201210039740065ES-MaACL20230906160132.0t|030305s1980 sp ||||1| spa d1 aCañigral, Luis de.93475410aInvestigaciones elementales sobre móviles / cLuis de Cañigral. aCiudad Real : bMuseo de Ciudad Real, c[1980] a69 p. ; c17 cm.1 aFaciendo la via del Calatraveño ; v50 aFaciendo la via del Calatraveño ; v59229726 aES-MaACLjL-3006 bR.103789 c40065d40065 00104070aATENEOMbATENEOMcDEPO2d2008-01-17eSCl0oL-3006p1042183r2023-02-23 00:00:00w2023-02-23yMONOGRAFIA